00735 a2200169 4500003000500000005001700005040000900022082001000031100002900041245008200070260003800152300001100190505031000201538002900511650001400540651001100554Nust20170207153157.0 cNust a005.8 aAhmad, Masaud ( MSIS-1) aDesign and analysis of non- linear random sequence generatorcMasaud Ahmed  bMCS (NUST)cSep, 2005aRawalpindi a80,P.; aThesis introduction (page-1) An overview of cryptography (page-13) Random number generations and mixing functions (page-24) Pseudo-random and real random sequence generators (page-33)Statiscal analysis for randomness (page-48) Non linear random sequence generator (page-57) Analysis and testing (page-63)  aAlmirah No.70 Shelf No.3 aPG Thesis aMSIS-1